| 000 | 01621nam a2200277 a 4500 | ||
|---|---|---|---|
| 001 | 000005866 | ||
| 003 | DO-SdBNP | ||
| 005 | 20260305073950.0 | ||
| 008 | 090824s1983 dr 001 0 spa d | ||
| 040 |
_aDO-SdBNP _bspa _cBNPHU |
||
| 082 | 4 |
_a331.1109 _bS623L _222 |
|
| 245 | 0 | 3 |
_aLa situación laboral en la República Dominicana / _ceditor Frank Moya Pons. |
| 260 |
_aSanto Domingo : _bAmigo del Hogar, _c1983. |
||
| 300 |
_a101 p. ; _c22 cm. |
||
| 490 |
_aFORUM _v8 |
||
| 500 | _aExposiciones presentadas en el Encuentro sobre La Situación Laboral en la República Dominicana, celebrado por FORUM el miércoles 15 de diciembre de 1982, en el Hotel Santo Domingo Sur. | ||
| 505 | 0 |
_gPresentación / _rFrank Moya Pons -- _tIntroducción -- _tLa situación laboral en la República Dominicana / _rLupo Hernández Rueda -- _rEl costo de la vida, la situación de empleo y su repercusión en los trabajadores y sus organizaciones / _rJulio de Peña Valdez -- _tLa legislación laboral y efectos en el seno de los trabajadores / _rJacinto de los Santos -- _tNecesidad de un sindicalismo independiente / _rJosé Gómez Cerda -- _tLos empleadores dominicanos y las relaciones obrero-patronales / _rHeriberto de Castro. |
|
| 590 | _aInventariado, 2018/VM | ||
| 650 | 4 |
_aRelaciones industriales _vCONGRESOS, CONFERENCIAS, ETC. _916537 |
|
| 650 | 4 |
_aLegislación laboral _vCONGRESOS, CONFERENCIAS, ETC. _916538 |
|
| 650 | 4 |
_aProcedimiento laboral _vCONGRESOS, CONFERENCIAS, ETC. _916539 |
|
| 700 | 1 |
_aMoya Pons, Frank, _d1944- _eed. _92095 |
|
| 830 | 0 |
_aFORUM _v8 _97431 |
|
| 910 | _aValidado. Control de calidad EMS | ||
| 942 |
_2ddc _cLBS1 |
||
| 999 |
_c5662 _d5662 |
||